Countries with Vatican embassies - Statistics

General Stats
  • This quiz has been taken 100 times
  • The average score is 85 of 111
Answer Stats
Continent Country % Correct
North America United States of America
98%
Oceania Australia
97%
South America Brazil
97%
North America Canada
97%
South America Argentina
95%
Europe United Kingdom
95%
South America Colombia
92%
Europe France
92%
North America Mexico
92%
Asia/ Europe Russia
92%
Africa South Africa
92%
Asia India
91%
Europe Ireland
91%
Europe Portugal
91%
South America Venezuela
91%
Europe Albania
89%
Europe Belgium
89%
South America Bolivia
89%
South America Chile
89%
North America Cuba
89%
Africa D.R. Congo
89%
Europe Germany
89%
Europe Greece
89%
Europe Italy
89%
South America Peru
89%
Europe Spain
89%
Asia Turkey
89%
Europe Austria
88%
Asia Japan
88%
Africa Algeria
86%
Africa Angola
86%
Africa Egypt
86%
North America Guatemala
85%
Oceania New Zealand
85%
Europe the Netherlands
85%
South America Ecuador
83%
Asia Indonesia
83%
Asia Israel
83%
Europe Sweden
83%
Europe Belarus
82%
North America Honduras
82%
Asia Pakistan
82%
South America Paraguay
82%
Europe Poland
82%
Europe Romania
82%
Europe Serbia
82%
Europe Slovakia
82%
Asia South Korea
82%
North America El Salvador
80%
North America Haiti
80%
North America Nicaragua
80%
North America Panama
80%
Africa Republic of the Congo
80%
Europe Slovenia
80%
South America Uruguay
80%
Europe Bosnia and Herzegovina
78%
Europe Bulgaria
78%
Asia Iran
78%
Europe Ukraine
78%
North America Costa Rica
77%
Europe Croatia
77%
Europe Czech Republic
77%
Africa Ethiopia
77%
Europe Hungary
77%
Asia Iraq
77%
Africa Kenya
77%
Europe Lithuania
75%
Asia Malaysia
75%
Africa Ghana
74%
Europe Malta
74%
Africa Morocco
74%
Europe Switzerland
74%
Asia Syria
74%
Asia the Philippines
74%
Africa Nigeria
72%
Africa Tanzania
72%
Africa Uganda
72%
Asia Jordan
71%
Africa Zimbabwe
71%
Europe Cyprus
69%
North America Dominican Republic
69%
Asia Thailand
69%
Africa Zambia
69%
Asia Georgia
68%
Africa Mozambique
68%
Asia Taiwan
68%
Africa Burundi
66%
Asia Kazakhstan
66%
Europe San Marino
66%
Asia Singapore
66%
Asia Uzbekistan
66%
Asia Bangladesh
65%
Africa Chad
65%
Africa Cameroon
63%
Europe Monaco
63%
Africa Senegal
63%
Asia Lebanon
62%
Africa Benin
60%
Africa Central African Republic
60%
Africa Guinea
60%
Africa Rwanda
60%
Asia Sri Lanka
60%
Asia Turkmenistan
58%
Africa Gabon
55%
Africa Madagascar
55%
Asia Kyrgyzstan
49%
Asia Kuwait
48%
North America Trinidad and Tobago
48%
Africa South Sudan
45%
Africa Ivory Coast
42%
Oceania Papua New Guinea
38%
No matching quizzes found
Score Distribution
Percent of People with Each Score
Percentile by Number Answered
Your Score History
You have not taken this quiz